Normal view
MARC view
Entry Personal Name
001 - CONTROL NUMBER
- control field: 17941
003 - CONTROL NUMBER IDENTIFIER
- control field: ARRUPE
005 - DATE AND TIME OF LATEST TRANSACTION
- control field: 20150529110705.0
008 - FIXED-LENGTH DATA ELEMENTS
- fixed length control field: 150529|| aca||aabn | a|a d
040 ## - CATALOGING SOURCE
- Original cataloging agency: ARRUPE
- Transcribing agency: ARRUPE
100 ## - HEADING--PERSONAL NAME
- Personal name: Stecchini, Livio C
- Relator term: ed.
670 ## - SOURCE DATA FOUND
- Source citation: Work cat.: (ARRUPE)122813: De Grazia, Alfred (ed.) ed. 17715, The Velikovsky affair;, [1966]